A fiatal felnőttek szakképzése és a kapunyitási pánik közötti összefüggések

Bibliographic Details
Main Author: Bohatiné Herczeg Gabriella
Other Authors: Keszei Barbara
Format: Thesis
Kulcsszavak:fiatal felnőttek
kapunyitási pánik
szakképzés
Y generáció
pályakezdés
Online Access:http://dolgozattar.uni-bge.hu/11139

MARC

LEADER 00000nta a2200000 i 4500
001 dolg11139
005 20170906122820.0
008 170512suuuu hu om 000 hun d
040 |a BGE Dolgozattár Repozitórium  |b hun 
041 |a hu 
100 1 |a Bohatiné Herczeg Gabriella 
245 1 2 |a A fiatal felnőttek szakképzése és a kapunyitási pánik közötti összefüggések  |c Bohatiné Herczeg Gabriella  |h [elektronikus dokumentum] 
695 |a fiatal felnőttek 
695 |a kapunyitási pánik 
695 |a szakképzés 
695 |a Y generáció 
695 |a pályakezdés 
700 1 |a Keszei Barbara  |e ths 
856 4 0 |u http://dolgozattar.uni-bge.hu/11139/1/BOHATIN%C3%89%20HERCZEG%20GABRIELLA%20SZAKDOLGOZAT.pdf  |z Dokumentum-elérés